Truyện cổ Pu Péo
Tập hợp những câu chuyện cổ trong kho tàng những câu chuyện dân gian cổ xưa của người Pu Péo ở Hà Giang
Đã lưu trong:
| Tác giả chính: | |
|---|---|
| Định dạng: | Sách |
| Năm xuất bản: |
H.
Hội Nhà văn
2018
|
| Chủ đề: | |
| Tags: |
Thêm thẻ
Không có thẻ, Hãy là người đầu tiên gắn thẻ bản ghi này!
|
| LEADER | 00803nam a2200157 4500 | ||
|---|---|---|---|
| 999 | |c 15864 |d 15864 | ||
| 082 | |a 398.209597 |b L250TR | ||
| 100 | |a Lê Trung Vũ | ||
| 245 | |a Truyện cổ Pu Péo |c Lê Trung Vũ | ||
| 260 | |a H. |b Hội Nhà văn |c 2018 | ||
| 300 | |c 21 cm |a 197 tr. | ||
| 500 | |a ĐTTS ghi: Liên hiệp các hội văn học nghệ thuật Việt Nam. Hội văn nghệ các dân tộc thiểu số Việt Nam | ||
| 520 | |a Tập hợp những câu chuyện cổ trong kho tàng những câu chuyện dân gian cổ xưa của người Pu Péo ở Hà Giang | ||
| 653 | |a Văn học dân gian |a Việt Nam |a Pu Péo |a Truyện cổ | ||
| 942 | |2 ddc |c SH | ||
| 952 | |0 0 |1 0 |2 ddc |4 0 |6 398_209597000000000_L250TR |7 0 |8 300 |9 118045 |a qbu |b qbu |c D2 |d 2020-05-25 |g 80000 |o 398.209597 L250TR |p 13028.C1 |r 2020-05-25 |w 2020-05-25 |y SH | ||